La República Dominicana en el siglo XX : (Registro nro. 10164)

Detalles MARC
000 -LIDER
fixed length control field 01023nam a22002777a 4500
001 - NÚMERO DE CONTROL
Identificador de número de control 000007856
003 - IDENTIFICACDOR DE NÚMERO DE CONTROL
control field DO-SdBNP
005 - DATE AND TIME OF LATEST TRANSACTION
control field 20180328114134.0
007 - CAMPOS FIJOS DE DESCRIPCIÓN FÍSICA
fixed length control field 000007856
008 - ELEMENTOS DE LONGITUD FIJA
fixed length control field 160518b 2000 dr a xxu||||| |||| 00| 0 spa d
020 ## - ISBN
International Standard Book Number 8482613308
040 ## - FUENTE DE CATALOGACIÓN
Agencia que crea de manera original el registro BPMSU
Idioma de catalogación spa
Agencia que realiza la transcripción BPMSU
092 ## - LOCALLY ASSIGNED DEWEY DECIMAL CALL NUMBER
Número de clasificación xxxx
Número de ítem (Cutter) xxxx
245 00 - MENCIÓN DE TITULO
Título La República Dominicana en el siglo XX :
Subtítulo modulo V, segundo ciclo /
Mención de responsabilidad María Isabel Incháustegui... [et al] ; dirección editorial Obdulia García de Escobar; ilustración Ruddy Núñez.
260 ## - PUBLICACIÓN, DISTRIBUCIÓN, ETC. (PIE DE IMPRENTA)
Lugar de publicación, distribución, etc Santo Domingo :
Nombre del editor, distribuidor, etc. Santillana Adultos,
Fecha de publicación, distribución, etc 2000.
300 ## - DESCRIPCIÓN FÍSICA
Extensión 119 p. :
Otros detalles físicos il., retrs.
Dimensiones 28 cm.
500 ## - NOTA GENERAL
Nota general Segundo año del 2do, ciclo para personas jóvenes y adultas.
700 1# - ASIENTO SECUNDARIO -- NOMBRE PERSONAL
Nombre personal Incháustegui, María Isabel
700 1# - ASIENTO SECUNDARIO -- NOMBRE PERSONAL
Nombre personal Cruz, María Ramona de la
700 1# - ASIENTO SECUNDARIO -- NOMBRE PERSONAL
Nombre personal Peralta, Norca Ligia
700 1# - ASIENTO SECUNDARIO -- NOMBRE PERSONAL
Nombre personal Tavares, Ángela
700 12 - ASIENTO SECUNDARIO -- NOMBRE PERSONAL
Nombre personal Núñez, Ruddy,
Mención de responsabilidad il.
700 12 - ASIENTO SECUNDARIO -- NOMBRE PERSONAL
Nombre personal García de Escobar, Obdulia,
Mención de responsabilidad dir. ed.
942 ## - ADDED ENTRY ELEMENTS (KOHA)
Source of classification or shelving scheme Dewey Decimal Classification
Koha item type Libros
945 ## - INFORMACIÓN DE PROCESAMIENTO LOCAL
Información de procesamiento local Remanejado para la BPHU / 2018 VM
Existencias
Withdrawn status Lost status Source of classification or shelving scheme Damaged status Not for loan Collection code Home library Current library Date acquired Source of acquisition Total Checkouts Barcode Date last seen Price effective from Koha item type
    Dewey Decimal Classification       Biblioteca Pública Metropolitana Salomé Ureña Biblioteca Pública Metropolitana Salomé Ureña 05/18/2016 Donación   BPMSU16050382 05/18/2016 05/18/2016 Libros